NIALS journal of business law (Record no. 38509)

MARC details
000 -LEADER
fixed length control field 00562nam a2200169Ia 4500
022 ## - INTERNATIONAL STANDARD SERIAL NUMBER
ISSN 24084956
050 ## - CALL MARK
Classification number K 14 .I 1445
245 #0 - TITLE STATEMENT
Title NIALS journal of business law
260 ## - PUBLICATION, DISTRIBUTION, ETC. (IMPRINT)
Place of publication Lagos, Nigeria
260 ## - PUBLICATION, DISTRIBUTION, ETC. (IMPRINT)
Name of publisher Nigerian Mining, Geological, and Metallurgical Society
260 ## - PUBLICATION, DISTRIBUTION, ETC. (IMPRINT)
Year of publication 2018
300 ## - PHYSICAL DESCRIPTION
Number of Pages x, 335 p. ; 22 cm.
650 ## - SUBJECT ADDED ENTRY--TOPICAL TERM
Topical Term Commercial law--Nigeria--Periodicals. Sustainable development--Law and legislation--Nigeria--Periodicals. Law reviews--Nigeria.
942 ## - ADDED ENTRY ELEMENTS (KOHA)
Koha item type Serials

No items available.